00749nam a22002417a 4500001000700000003000900007005001700016007000700033008003600040040002200076041001300098092001500111245009000126260004400216300002500260700002400285910001000309942001200319945002800331952010900359956002400468999001500492000206DO-SdBNP20180302091740.0000206151210b 1971 xxu a 00| 0 spa d aBPMSUbspacBPMSU17aspabeng axxxxbxxxx03aEl toro pinto and other songs in spanish /cselected and illustrated by Anne Rockwell aNew York ; bMacmillan company, c1977. a52 p.;bil.c26 cm. 12aRockwell, Anneeil. a00144 2ddccBK ainventariado, 2018 / dg 00102ddc40708EXTaBPMETbBPMETd2016-03-28eDonaciónl0pBPMET16030285r2016-03-28w2016-03-28yBK aYngrid Lockwardb10 c9404d9404